MARC

LEADER 00000nam0a2200000 4500
001 365254
005 20231102011752.0
035 |a (RuTPU)RU\TPU\retro\22617 
090 |a 365254 
100 |a 20211221d1963 m y0gery50 ba 
101 0 |a ger 
102 |a DE 
105 |a a j 000zy 
200 1 |a Musterbeispiele und Übungsaufgaben zur Festigkeitslehre und Elastizitatslehre 
205 |a 12., verbesserte und uberarbeitete Auflage 
210 |a Leipzig  |c Veb Fachbuchverlag  |d 1963 
215 |a 264 s.  |c il. 
606 1 |a Прочность, теория  |2 stltpush  |3 (RuTPU)RU\TPU\subj\53055  |9 71407 
606 1 |a Упругость, теория  |2 stltpush  |3 (RuTPU)RU\TPU\subj\63144  |9 80188 
610 1 |a пластичность 
610 1 |a напряжение 
610 1 |a вес 
610 1 |a сдвиг 
610 1 |a изгиб 
610 1 |a кручение 
610 1 |a сопротивление 
610 1 |a статически неопределимые системы 
610 1 |a предел упругости 
610 1 |a образцы 
610 1 |a задачи 
610 1 |a упражнения 
610 1 |a учебные пособия 
610 1 |a немецкий язык 
675 |a 539.4(076)  |v 4 
675 |a 539.3(076)  |v 4 
700 1 |a Dreyer  |b G. 
701 1 |a Münder  |b E. 
801 1 |a RU  |b 63413507  |c 20211221 
801 2 |a RU  |b 63413507  |c 20211221  |g RCR 
942 |c BK